000 00357nam a2200133Ia 4500
008 231129s2011||||xx |||||||||||||| ||spa||
020 _a978-958-712-608-2
040 _bspa
082 _aR 912 A881at
245 0 _aAtlas geográfico universal
260 _c2011
264 _aBarcelona España : Océano
942 _2ddc
_cBKS
999 _c5839
_d5839